<?xml version="1.0" encoding="UTF-8"?>
<record
    xmlns:xsi="http://www.w3.org/2001/XMLSchema-instance"
    xsi:schemaLocation="http://www.loc.gov/MARC21/slim http://www.loc.gov/standards/marcxml/schema/MARC21slim.xsd"
    xmlns="http://www.loc.gov/MARC21/slim">

  <leader>01294nam a2200241Ia 4500</leader>
  <controlfield tag="003">OSt</controlfield>
  <controlfield tag="005">20260526121056.0</controlfield>
  <controlfield tag="008">210210b1995   xxu||||| |||| 00| 0 eng d</controlfield>
  <datafield tag="020" ind1=" " ind2=" ">
    <subfield code="a">81 237 1423 8</subfield>
  </datafield>
  <datafield tag="040" ind1=" " ind2=" ">
    <subfield code="c">AL</subfield>
  </datafield>
  <datafield tag="041" ind1=" " ind2=" ">
    <subfield code="a">Kannada</subfield>
  </datafield>
  <datafield tag="082" ind1=" " ind2=" ">
    <subfield code="a">370.15K GIJH</subfield>
  </datafield>
  <datafield tag="100" ind1=" " ind2=" ">
    <subfield code="a">GIJUBHAI BADHEKA.</subfield>
    <subfield code="d">&#xC97;&#xCBF;&#xC9C;&#xCC1;&#xCAD;&#xCBE;&#xCAF;&#xCBF; &#xCAC;&#xCA7;&#xCC7;&#xC95;&#xCBE;</subfield>
    <subfield code="9">264587</subfield>
  </datafield>
  <datafield tag="245" ind1=" " ind2=" ">
    <subfield code="a">Hagaluganasu.</subfield>
    <subfield code="b">&#xCB9;&#xC97;&#xCB2;&#xCC1;&#xC97;&#xCA8;&#xCB8;&#xCC1;</subfield>
  </datafield>
  <datafield tag="260" ind1=" " ind2=" ">
    <subfield code="a">India.</subfield>
    <subfield code="b">Nyational Buk Trast.,</subfield>
    <subfield code="c">1995</subfield>
  </datafield>
  <datafield tag="300" ind1=" " ind2=" ">
    <subfield code="a">vi,89</subfield>
  </datafield>
  <datafield tag="520" ind1=" " ind2=" ">
    <subfield code="a"> &#xCB8;&#xCBE;&#xC82;&#xCAA;&#xCCD;&#xCB0;&#xCA6;&#xCBE;&#xCAF;&#xCBF;&#xC95; &#xCAE;&#xCA4;&#xCCD;&#xCA4;&#xCC1; &#xCAC;&#xCB2;&#xCB5;&#xC82;&#xCA4;&#xCA6; &#xCB6;&#xCBF;&#xC95;&#xCCD;&#xCB7;&#xCA3; &#xCAA;&#xCA6;&#xCCD;&#xCA7;&#xCA4;&#xCBF;&#xCAF;&#xCA8;&#xCCD;&#xCA8;&#xCC1; &#xCB5;&#xCBF;&#xCB0;&#xCCB;&#xCA7;&#xCBF;&#xCB8;&#xCC1;&#xCB5; &#xC93;&#xCB0;&#xCCD;&#xCB5; &#xC86;&#xCA6;&#xCB0;&#xCCD;&#xCB6; &#xCB6;&#xCBF;&#xC95;&#xCCD;&#xCB7;&#xC95;&#xCA8; &#xC95;&#xCA5;&#xCC6; &#xC87;&#xCA6;&#xCBE;&#xC97;&#xCBF;&#xCA6;&#xCC6;. &#xCAA;&#xCC1;&#xCB8;&#xCCD;&#xCA4;&#xC95;&#xC97;&#xCB3;&#xCA8;&#xCCD;&#xCA8;&#xCC1; &#xC95;&#xC82;&#xCA0;&#xCAA;&#xCBE;&#xCA0; &#xCAE;&#xCBE;&#xCA1;&#xCBF;&#xCB8;&#xCC1;&#xCB5; &#xCAC;&#xCA6;&#xCB2;&#xCC1;, &#xCAE;&#xC95;&#xCCD;&#xC95;&#xCB3; &#xC95;&#xCC1;&#xCA4;&#xCC2;&#xCB9;&#xCB2;, &#xCB8;&#xCC3;&#xC9C;&#xCA8;&#xCB6;&#xCC0;&#xCB2;&#xCA4;&#xCC6; &#xCAE;&#xCA4;&#xCCD;&#xCA4;&#xCC1; &#xC86;&#xCB8;&#xC95;&#xCCD;&#xCA4;&#xCBF;&#xCAF;&#xCA8;&#xCCD;&#xCA8;&#xCC1; &#xC86;&#xCA7;&#xCB0;&#xCBF;&#xCB8;&#xCBF; &#xC95;&#xCB2;&#xCBF;&#xCB8;&#xCC1;&#xCB5;&#xCC1;&#xCA6;&#xCC1; &#xCB9;&#xCC7;&#xC97;&#xCC6; &#xC8E;&#xC82;&#xCAC;&#xCC1;&#xCA6;&#xCA8;&#xCCD;&#xCA8;&#xCC1; &#xC87;&#xCA6;&#xCC1; &#xCB5;&#xCBF;&#xCB5;&#xCB0;&#xCBF;&#xCB8;&#xCC1;&#xCA4;&#xCCD;&#xCA4;&#xCA6;&#xCC6;.</subfield>
  </datafield>
  <datafield tag="650" ind1=" " ind2=" ">
    <subfield code="a">&#xCA6;&#xCBF;&#xCB5;&#xCBE;&#xCB8;&#xCCD;&#xCB5;&#xCAA;&#xCCD;&#xCA8; Gijubhai's Divaswapna</subfield>
    <subfield code="9">264588</subfield>
  </datafield>
  <datafield tag="690" ind1=" " ind2=" ">
    <subfield code="a">Education</subfield>
    <subfield code="9">264589</subfield>
  </datafield>
  <datafield tag="700" ind1=" " ind2=" ">
    <subfield code="a"> D R Baluragi</subfield>
    <subfield code="d">&#xCA6;.&#xCB0;&#xCBE;. &#xCAC;&#xCB3;&#xCC2;&#xCB0;&#xC97;&#xCBF;. tr.</subfield>
    <subfield code="9">264590</subfield>
  </datafield>
  <datafield tag="906" ind1=" " ind2=" ">
    <subfield code="a">050848</subfield>
  </datafield>
  <datafield tag="942" ind1=" " ind2=" ">
    <subfield code="2">ddc</subfield>
    <subfield code="c">BK</subfield>
  </datafield>
  <datafield tag="999" ind1=" " ind2=" ">
    <subfield code="c">99458</subfield>
    <subfield code="d">99458</subfield>
  </datafield>
  <datafield tag="952" ind1=" " ind2=" ">
    <subfield code="0">0</subfield>
    <subfield code="1">0</subfield>
    <subfield code="2">ddc</subfield>
    <subfield code="4">0</subfield>
    <subfield code="7">0</subfield>
    <subfield code="8">SW</subfield>
    <subfield code="a">AL</subfield>
    <subfield code="b">AL</subfield>
    <subfield code="c">Education</subfield>
    <subfield code="d">2021-02-17</subfield>
    <subfield code="g">210.00</subfield>
    <subfield code="l">0</subfield>
    <subfield code="o">370.15K GIJH</subfield>
    <subfield code="p">050848</subfield>
    <subfield code="r">2021-02-17 00:00:00</subfield>
    <subfield code="u">https://www.arvindguptatoys.com/arvindgupta/divaswapna-kannada.pdf</subfield>
    <subfield code="w">2021-02-17</subfield>
    <subfield code="y">BK</subfield>
  </datafield>
</record>
